1287 1987 1099 1231 1025 1048 1936 1455 1348 1462 1546 1792 1209 1034 1172 1467 1251 1115 1528 1969 1148 1003 1400 1839 1688 1757 1792 1968 1420 1603 1096 1051 1524 1699 1514 1604 1684 1747 1066 1832 1885 1989 1135 1677 1957 1148 1350 1400 1367 1925 1767 1543 1137 1534 1874 1959 1953 1435 1902 1644 1392 1911 1992 1616 1410 1239 1069 1626 1070 1410 1525 1704 1315 1565 1251 1074 1001 1386 1296 1351 1542 1882 1372 1819 1669 1387 1598 1670 1229 1129 1444 1123 1188 1438 1511 1191 1380 1666 1581 BCNSPRNW ULIB Ver.6.0+V

เปลี่ยนเป็นภาษาไทย

Change to English
 แสดงรายละเอียดบรรณานุกรม
  กลับหน้าหลัก

Brief Record : Get Marc (ISO 2709) : E-mail record : QR code < ปิดหน้าต่าง
LEADER : 00000nam 2200000uu 4500
001    13399124630
003     ULIB
008    151103s2558||||th 000 0 tha d
020    ^a9786162352270
050  4 ^aDS586^bพ362
245 00 ^aพระทรงเป็นยิ่งกว่ามหากษัตริย์ /^cผู้เรียบเรียง, ชัชพล ไชยพร, ศิรธัชศิริชุมแสง
250    ^aพิมพ์ครั้งที่ 1
260    ^aกรุงเทพฯ :^bสำนักงานปลัดสำนักนายกรัฐมนตรี,^c2558, [2015]
300    ^a255 หน้า :^bภาพประกอบ ;^c28 ซม.
600 04 ^aภูมิพลอดุลยเดช,^cพระบาทสมเด็จพระปรมินทรมหา,^d2470-
700 0  ^aชัชพล ไชยพร
700 0  ^aศิรธัช ศิริชุมแสง
710 2  ^aสำนักงานปลัดสำนักนายกรัฐมนตรี
945    ^p0^l0^i000165
999    ^aเกษร โพธิ์สุวรรณ
รายการนี้ยังไม่มีแท็ก
คุณยังไม่ได้ล็อกอิน คุณสามารถมีกิจกรรมร่วมกับเว็บไซต์ได้ แต่ต้องล็อกอินก่อน ::
  ล็อกอิน

รายการสื่อสารสนเทศ

ลำดับที่ ประเภท เลขเรียก/บาร์โค้ด สถานที่ สถานะ
1. การศึกษาทั่วไป
การศึกษาทั่วไป
DS586 พ362 ฉ.1 
  Barcode: 000165
ห้องสมุดวิทยาเขตสวรรค์ประชารักษ์
►หนังสือทั่วไป
บนชั้น

BibComment


ยังไม่เคยถูกคอมเมนท์

คอมเมนท์ทรัพยากรรายการนี้
  คอมเมนท์: พระทรงเป็นยิ่งกว..


 Copyright 2026. Bcnsprnw @Library